Представление документа в формате RUSMARC

ПолеНазваниеЗначение
  Тип записи a
  Библиографический уровень m
001 Контрольный номер UONB/MAIN/eb856e2f40ce48459a106002ea7b7aed
005 Дата корректировки 20251002152415.6
100 Данные общей обработки __
a Данные общей обработки 20240529d1975 u y0rusy0189 ca
101 Язык документа 0_
a Язык текста rus
102 Страна публикации __
a Страна публикации RU
105 Кодированные данные (монография) __
a Кодированные данные (монография) a g 001yy
200 Заглавие и сведения об ответственности 1_
a Заглавие Цветные металлы и сплавы
e Сведения, относящиеся к заглавию справочник
e Сведения, относящиеся к заглавию в 2 томах
203 Вид содержания и тип средства __
a Вид содержания Текст
b Характеристика содержания визуальный
c Тип средства непосредственный
210 Выходные данные 1_
a Место издания Москва
c Издательство Металлургия
d Дата издания 1975-
215 Физическое описание __
d Формат 27 см
801 Источник записи _0
a Страна RU
b Организация Ульяновская ОНБ
c Дата составления 20240529
g Правила каталогизации RCR
801 Источник записи _1
a Страна RU
b Организация Ульяновская ОНБ
c Дата составления 20240529
g Правила каталогизации RCR
901 Тип документа __
t Тип документа v
909 Создатель записи __
a Создатель записи Горбункова
b Дата создания записи 20240529